Language Quiz

Random Language or Blitz Quiz

Words Within Words 'C' Blitz Quiz Stats

 Plays Quiz Updated Dec 1, 2018

Challenge
Share
Tweet
Embed
Score 0/30 Timer 01:30
5 Plays Today
% Correct
ape
92.6%
age
92.5%
rush
92.1%
oil
91.7%
lose
91.6%
hopper
91.3%
rusty
91.2%
lass
90.8%
over
90.8%
lean
89.9%
raze
89.9%
limb
89.7%
hose
89.3%
rest
88.9%
lad
88.8%
% Correct
rate
87.4%
how
87.3%
one
87%
love
85.4%
ease
82.5%
luck
82.2%
leave
80.7%
hub
78.9%
oven
77.3%
rafter
76.7%
inch
75%
ant
74.5%
enter
73.8%
hide
73%
ache
41.2%

You're not logged in!

Compare scores with friends on all Sporcle quizzes.
OR
Log In

You Might Also Like...

Show Comments

Extras

Top Quizzes Today


Score Distribution

Your Account Isn't Verified!

In order to create a playlist on Sporcle, you need to verify the email address you used during registration. Go to your Sporcle Settings to finish the process.

Report this User

Report this user for behavior that violates our Community Guidelines.

Details: